| 000 | 00777nam a2200253Ia 4500 | ||
|---|---|---|---|
| 003 | OSt | ||
| 005 | 20221006142311.0 | ||
| 006 | a|||||r|||| 00| 0 | ||
| 007 | ta | ||
| 008 | 221006b |||||||| |||| 00| 0 eng d | ||
| 024 | _a6,006 | ||
| 037 | _cTextual | ||
| 040 |
_aEASL _cEASL _beng |
||
| 041 |
_2eng _aeng |
||
| 082 | _aV41:192.P, P0 | ||
| 100 | _aBajpai Kanti Ed. | ||
| 245 | 0 |
_aPeacock and the dragon _b India-China relations in the 21st century |
|
| 260 |
_aNew Delhi _bHar-Anand Publications Pvt. Ltd. India _c2000 |
||
| 300 |
_a491p. _ccm. |
||
| 490 | _aForeign Policy, Peace And Security Series | ||
| 700 | _a Mattoo Amitabh Ed. | ||
| 942 |
_hV41:192.P, P0 _cTEXL _2CC |
||
| 999 |
_c1074092 _d1074092 |
||